| 000 | 00701nam a2200229 a 4500 | ||
|---|---|---|---|
| 001 | BRCA_8015 | ||
| 005 | 20190320210109.0 | ||
| 008 | 190314s1970----gw-a###f##---#000-0#ger-# | ||
| 041 | _ager | ||
| 044 | _agw | ||
| 050 | 4 |
_aN8670 _b.K8 _c1970 |
|
| 100 | 1 |
_aWellensick, Herta _919908 |
|
| 245 | 1 | 0 |
_aKunstpreisverzeichnis _b1968-1969 _cHerta Wellensick und Robert Keyszelitz. |
| 260 |
_aMunchen _bKunst und Technik _c1969 |
||
| 300 |
_a555 p. _bil. _c21 cm. |
||
| 500 | _a3149 | ||
| 500 | _aKunstpreis jahrbuch band XXIV ; auktionsergeb. Zusammengestellt | ||
| 650 | 1 | 4 |
_aSubastas de arte _vCatálogos _zAlemania _919909 |
| 700 | 1 |
_aKeyszelitz, Robert _ecoaut. _919910 |
|
| 902 | _aGFM | ||
| 942 |
_2lcc _cB |
||
| 999 |
_c7684 _d7684 |
||